| 000 | 00442nam a2200193Ia 4500 | ||
|---|---|---|---|
| 008 | 170918s9999 xx 000 0 und d | ||
| 020 | _a670848646 | ||
| 050 | _bA285 1994 | ||
| 100 | _aAhlberg, Allan | ||
| 245 | 4 | _aThe giant baby / | |
| 245 | _cby Allan Ahlberg. | ||
| 250 | _aFirst edition | ||
| 260 | _aLondon : | ||
| 260 | _bViking, | ||
| 260 | _c1994 | ||
| 300 | _a155 pages : | ||
| 300 | _billustrations ; | ||
| 300 | _c24cm. | ||
| 999 |
_c343626 _d343626 |
||